Gente como uno : la novela contemporánea de una familia bien /

Gardado en:
Detalles Bibliográficos
Autor Principal: Zagal, Héctor (autor)
Formato: Libro
Idioma:Lingua castelá
Publicado: México : Planeta, 2011, c2011
Temas:
Etiquetas: Engadir etiqueta
Sen Etiquetas, Sexa o primeiro en etiquetar este rexistro!

MARC

LEADER 00000nam^a2200000^a^4500
001 000316181
005 20250521000000.0
009 20260310113306.204
020 |a 978-607-07-0892-3 
037 |a Acervo ITESO - Biblioteca 
041 |a ESP 
082 |a 863.  |b ZAG 
100 |a Zagal, Héctor  |e (autor) 
245 1 0 |a Gente como uno :  |b la novela contemporánea de una familia bien /  |c H. Zagal Arreguín. 
264 4 |a México :  |b Planeta,  |c 2011, c2011 
300 |a 184 p. 
336 |a texto  |b txt  |2 rdacontenido 
337 |a sin mediación  |b n  |2 rdamedio 
338 |a volumen  |b nc  |2 rdasoporte 
649 |a XX 
650 |a Novela Mexicana 
650 |a Literatura Mexicana -  |y Siglo XXI 
650 |a Clase Alta en la Literatura 
910 |a Fondo General 
920 |a Impresos - Libros 
930 |a Colección General 
940 |a Literatura 
905 |a 101 
901 |a 0500202990  |b IT1  |c LIT  |i C129912  |u 20250521 
902 |a https://opac.biblio.iteso.mx/vufind/Record/000316181